| 000 | 00659nam a2200205 u 4500 | ||
|---|---|---|---|
| 005 | 20210223131701.0 | ||
| 008 | 120313s2007 r 000 0 eng d | ||
| 020 | _a9789707850514 | ||
| 035 | _aUPN01000183603 | ||
| 049 | _aCG | ||
| 050 | 4 |
_aDS778.7 _bZ4.7 |
|
| 100 | 1 | _aZhang, Ange | |
| 245 | 1 | 0 |
_aTierra roja, Río Amarillo : _buna historia sobre la Revolución Cultural / _cAnge Zhang ; tr. Verónica Murguía. |
| 260 |
_aMéxico : _bSM, _c2007. |
||
| 300 |
_a55 p. : _bil. col. |
||
| 534 |
_pTítulo original: _tRed land, Yellow River |
||
| 651 | 4 |
_aCHINA - _xHISTORIA - _yREVOLUCION CULTURAL, 1966-1976 _913440 |
|
| 905 | _aLibro | ||
| 999 |
_c155706 _d155706 |
||